| 000 | 01579nam a2200277 a 4500 | ||
|---|---|---|---|
| 008 | 101026s2008 ||||||||||||||||| || u | ||
| 020 | _a9781412946896 | ||
| 050 | _aLB 2369 Oli | ||
| 100 | _aOliver, Paul | ||
| 245 | 1 | 0 |
_aWriting your thesis. (2nd ed.) _cby Paul Oliver |
| 250 | _a2nd ed. | ||
| 260 |
_aLondon: _bSAGE Publications _c2008 |
||
| 300 | _aix, 174p.: ill. | ||
| 350 | _a0.00 | ||
| 490 | _aSAGE Study Skills | ||
| 650 | 0 | _aDISSERTATIONS, ACADEMIC | |
| 650 | 0 | _aREPORT WRITING | |
| 650 | _aWRITING | ||
| 650 | _aREPORT WRITING--STUDY AND TEACHING (HIGHER) | ||
| 995 |
_aMAIN LIBRARY OPEN ACCESS _D0.00 _e741819 _FCBU-MAIN LIBRARY (Kitwe) _H1 _I0.00 _jLB 2369 Oli _M1 _UAVAILABLE _WDec 30, 2010 _y741819 _ZMain Library Open Access Collection |
||
| 995 |
_aANNEX COLLECTION (Main Library) _e744404 _FCBU-MAIN LIBRARY (Kitwe) _I0.00 _jLB 2369 Oli _M5 _UAVAILABLE _WSep 10, 2013 _y744404 _ZAnnex Low-Usage Collection |
||
| 995 |
_aANNEX COLLECTION (Main Library) _e742747 _FCBU-MAIN LIBRARY (Kitwe) _I0.00 _jLB 2369 Oli _M6 _UAVAILABLE _WFeb 3, 2014 _y742747 _ZAnnex Low-Usage Collection |
||
| 995 |
_aMAIN LIBRARY OPEN ACCESS _e742748 _FCBU-MAIN LIBRARY (Kitwe) _I0.00 _jLB 2369 Oli _M2 _UAVAILABLE _WJul 12, 2012 _y742748 _ZMain Library Open Access Collection |
||
| 995 |
_aMAIN LIBRARY OPEN ACCESS _e744403 _FCBU-MAIN LIBRARY (Kitwe) _I0.00 _jLB 2369 Oli _M4 _UAVAILABLE _WSep 10, 2013 _y744403 _ZMain Library Open Access Collection |
||
| 995 |
_aANNEX COLLECTION (Main Library) _e743865 _FCBU-MAIN LIBRARY (Kitwe) _I0.00 _jLB 2369 Oli _M3 _UAVAILABLE _WJun 5, 2013 _y743865 _ZAnnex Low-Usage Collection |
||
| 999 |
_c83282 _d83282 |
||